Hoá học đại cương

Kaydedildi:
Detaylı Bibliyografya
Yazar: Đào Đình Thức
Materyal Türü: Kitap
Dil:Vietnamese
Baskı/Yayın Bilgisi: Đại học Quốc gia Hà Nội 1999
Etiketler: Etiketle
Etiket eklenmemiş, İlk siz ekleyin!
Thư viện lưu trữ: Mạng thư viện Đại học Đà Nẵng
LEADER 00639nam a2200253 4500
001 000021766
003 18214
005 20150423090455.0
008 150423s1999 viesd
020 |c 21000 
041 0 |a vie 
082 1 4 |a 541,2  |b ĐA-T 
100 1 |a Đào Đình Thức 
245 1 0 |a Hoá học đại cương  |c Đào Đình Thức 
260 |b Đại học Quốc gia Hà Nội  |c 1999 
300 |a tr.  |c cm. 
OWN |a LSP 
999 |a From the UDN01 
TYP |a Monograph 
TYP |a Printed language 
980 |a Mạng thư viện Đại học Đà Nẵng